| 000 | 01079nam a22001817a 4500 | ||
|---|---|---|---|
| 008 | 110913s1986 ua||||| |||| 00| 0 ara d | ||
| 082 |
_222 _a297.35 _bح ن ف |
||
| 100 | 1 |
_927149 _aالحنفى ، أبى الحسن نور الدين على بن أحمد بن عمر بن خلف بن محمود السخاوى |
|
| 245 |
_aتحفة الأحباب وبغية الطلاب فى : _bالخطط والمزارات ، والتراجم والبقاع المباركات / _cأبى الحسن نور الدين على بن أحمد بن عمر بن خلف بن محمود السخاوى الحنفى |
||
| 250 | _aط 2. | ||
| 260 |
_aالقاهرة : _bمكتبة الكليات الأزهرية ، _c1986. |
||
| 300 |
_a471 ص ؛ _c24 سم. |
||
| 500 | _aقام بالتصحيح والمراجعة لفيف من العلماء | ||
| 650 | 0 |
_927151 _aالأماكن المقدسة |
|
| 653 |
_bGeneral _cSeptember2011 |
||
| 942 |
_2ddc _cBB |
||
| 999 |
_c16010 _d16010 |
||